000
00226nam a22000857a 4500
008
160624b xxu||||| |||| 00| 0 eng d
100
_9
1040
_a
Hacker, L.M
245
_a
The Unioted States Since 1865
260
_a
N.Y
_b
F.S.Crofts &C0
_c
1946
999
_c
834
_d
834